| 000 | 00636nam a2200193Ii 4500 | ||
|---|---|---|---|
| 003 | JO-AjNU | ||
| 008 | 230605s9999||||xx |||||||||||||| ||und|| | ||
| 040 |
_aJO-AjNU _bara _erda _cJO-AjNU |
||
| 041 | _aara | ||
| 050 | 1 | 4 | _aPJ7510.A6664 1989 |
| 100 | 3 |
_aإعداد العقاد، عامر, _eauthor _920918 |
|
| 245 | 0 | 0 | _aلهيب الصدق |
| 264 | 3 | 1 | _aبيروت: شركة أبناء شريف الأنصاري، 1989 |
| 300 | _a439ص | ||
| 336 |
_atext _btxt _2rdacontent |
||
| 337 |
_aunmediated _bn _2rdamedia |
||
| 338 |
_avolume _bnc _2rdacarrier |
||
| 650 | 4 |
_a الأدب العربي - مقالات ومحاضرات _920919 |
|
| 999 |
_aA7180 _c10748 _d10748 |
||